| Поле | Название | Значение |
| |
Тип записи |
a |
| |
Библиографический уровень |
m |
| 001 |
Контрольный номер |
558938db6c214282904c2443d1a9e3ff |
| 005 |
Дата корректировки |
20211126142550.4 |
| 010 |
Индекс ISBN |
__ |
| a |
ISBN |
978-5-394-03823-5 |
| 101 |
Язык документа |
0_ |
| a |
Язык текста |
rus |
| 102 |
Страна публикации |
__ |
| a |
Страна публикации |
RU |
| 200 |
Заглавие и сведения об ответственности |
1_ |
| a |
Заглавие |
Способы быстрого развития памяти. Как за 10 дней запомнить в 10 раз больше информации |
| f |
Первые сведения об ответственности |
А. В. Косенко |
| b |
Общее обозначение материала |
Текст |
| 205 |
Сведения об издании |
__ |
| a |
Основные сведения об издании |
6-е изд. |
| 210 |
Выходные данные |
1_ |
| a |
Место издания |
Москва |
| c |
Издательство |
Издательско- торговая корпорация "Дашков и Ко" |
| d |
Дата издания |
2020 |
| 215 |
Физическое описание |
__ |
| a |
Объем |
176 с. |
| 330 |
Аннотация |
__ |
| a |
Аннотация |
В данной книге раскрывается простой алгоритм расширения возможностей памяти. Как результат — повышение качества жизни, выраженное в усилении внимания, росте продуктивности, обучаемости, скорости мышления. Автор рассматривает небольшие практические упражнения, выполняя которые вы неизбежно придете к успеху. Для людей, интересующихся развитием своих способностей; изучающих иностранный язык; тех, кто столкнулся с проблемами памяти; кому по работе или учебе необходимо освоить большое количество информации. Книга будет полезна публично выступающим для запоминания докладов и презентаций, торговым представителям и агентам — для запоминания продуктов, их свойств. |
| 610 |
Ключевые слова |
0_ |
| a |
Ключевые слова |
память |
| a |
Ключевые слова |
мозг |
| a |
Ключевые слова |
воображение |
| a |
Ключевые слова |
запоминание |
| 686 |
Индексы других классификаций |
__ |
| a |
Классификационный индекс |
88 |
| 700 |
Автор |
_1 |
| a |
Фамилия |
Косенко |
| b |
Имя |
А. В. |
| g |
Полное личное имя |
Андрей Владимирович |
| 801 |
Источник записи |
_0 |
| a |
Страна |
RU |
| b |
Организация |
РУК |
| g |
Правила каталогизации |
PSBO |
| c |
Дата составления |
20201228 |
| 801 |
Источник записи |
_1 |
| a |
Страна |
RU |
| b |
Организация |
РУК |
| g |
Правила каталогизации |
PSBO |
| 852 |
Данные о местонахождении |
__ |
| i |
Авторский знак |
К 71 |
| j |
Шифр хранения |
88 |
| 901 |
Тип документа |
__ |
| t |
Тип документа |
m |
| 937 |
Технологическая информация |
__ |
| a |
Создатель записи (имя) |
Мясникова |
| 938 |
Служебная информация |
__ |
| a |
Название организации |
Головной вуз |